000 00324nam a22001457a 4500
008 210602b ||||| |||| 00| 0 eng d
020 _a9781416605713
041 _aeng
080 _a7
082 _a7
100 _a44
101 _aART
245 _aThe Art and Science of Teaching
_cRobert J. Marzano
942 _2udc
_cBK
999 _c57912
_d57912